Pharmacognosy and Phytochemistry Vol.2 (Record no. 10452)
[ view plain ]
| 000 -LEADER | |
|---|---|
| fixed length control field | 00407nam a22001577a 4500 |
| 003 - CONTROL NUMBER IDENTIFIER | |
| control field | OSt |
| 008 - FIXED-LENGTH DATA ELEMENTS--GENERAL INFORMATION | |
| fixed length control field | 210212b ||||| |||| 00| 0 eng d |
| 020 ## - INTERNATIONAL STANDARD BOOK NUMBER | |
| International Standard Book Number | 9789382322573 |
| 100 ## - MAIN ENTRY--PERSONAL NAME | |
| Personal name | Vinod D. Rangari |
| 245 ## - TITLE STATEMENT | |
| Title | Pharmacognosy and Phytochemistry Vol.2 |
| 250 ## - EDITION STATEMENT | |
| Edition statement | 3rd |
| 260 ## - PUBLICATION, DISTRIBUTION, ETC. (IMPRINT) | |
| Place of publication, distribution, etc | Nashik (Maharashtra) |
| Name of publisher, distributor, etc | Pharma Career Publications |
| Date of publication, distribution, etc | 2020 |
| 300 ## - PHYSICAL DESCRIPTION | |
| Extent | 518 |
| 650 ## - SUBJECT ADDED ENTRY--TOPICAL TERM | |
| Topical term or geographic name as entry element | Pharmacognosy |
| 942 ## - ADDED ENTRY ELEMENTS (KOHA) | |
| Source of classification or shelving scheme | Dewey Decimal Classification |
| Koha item type | Text Books |
| Withdrawn status | Lost status | Source of classification or shelving scheme | Damaged status | Not for loan | Collection code | Home library | Current library | Date acquired | Source of acquisition | Currency | Cost, normal purchase price | Serial Enumeration / chronologySerial Enumeration / Volume No. | Bill Number | Total Checkouts | Acc. no. / Barcode | Date last seen | Actual Cost, discounted price | Bill Date | Koha item type | Date last borrowed |
|---|---|---|---|---|---|---|---|---|---|---|---|---|---|---|---|---|---|---|---|---|
| Dewey Decimal Classification | Diploma in Pharmacy | PIET C-LIBRARY | PIET C-LIBRARY | 10/02/2021 | Kirti Praskshan | IN Rupees | 650.00 | Vol 2 | IN1554 | DP913 | 12/02/2021 | 552.50 | 10/02/2021 | Text Books | ||||||
| Dewey Decimal Classification | Diploma in Pharmacy | PIET C-LIBRARY | PIET C-LIBRARY | 10/02/2021 | Kirti Praskshan | IN Rupees | 650.00 | Vol 2 | IN1554 | DP914 | 12/02/2021 | 552.50 | 10/02/2021 | Text Books | ||||||
| Dewey Decimal Classification | Diploma in Pharmacy | PIET C-LIBRARY | PIET C-LIBRARY | 10/02/2021 | Kirti Praskshan | IN Rupees | 650.00 | Vol 2 | IN1554 | DP915 | 12/02/2021 | 552.50 | 10/02/2021 | Text Books | ||||||
| Dewey Decimal Classification | Diploma in Pharmacy | PIET C-LIBRARY | PIET C-LIBRARY | 10/02/2021 | Kirti Praskshan | IN Rupees | 650.00 | Vol 2 | IN1554 | DP916 | 12/02/2021 | 552.50 | 10/02/2021 | Text Books | ||||||
| Dewey Decimal Classification | Diploma in Pharmacy | PIET C-LIBRARY | PIET C-LIBRARY | 10/02/2021 | Kirti Praskshan | IN Rupees | 650.00 | Vol 2 | IN1554 | 1 | DP917 | 05/09/2023 | 552.50 | 10/02/2021 | Text Books | 29/08/2023 |